Don't divorce the Holy Spirit. (Record no. 3334)

000 -LEADER
fixed length control field 00556nam a2200181 a 4500
001 - CONTROL NUMBER
control field :::00001064$&:&@@
003 - CONTROL NUMBER IDENTIFIER
control field OkBaRHE
005 - DATE AND TIME OF LATEST TRANSACTION
control field 20000607103241.0
008 - FIXED-LENGTH DATA ELEMENTS--GENERAL INFORMATION
fixed length control field s1974 j 000 0 eng u
040 ## - CATALOGING SOURCE
Transcribing agency
100 1# - MAIN ENTRY--PERSONAL NAME
Personal name Staton, Knofel.
245 10 - TITLE STATEMENT
Title Don't divorce the Holy Spirit.
260 ## - PUBLICATION, DISTRIBUTION, ETC. (IMPRINT)
Place of publication, distribution, etc Cincinnati, OH., :
Name of publisher, distributor, etc New Life Books
Date of publication, distribution, etc c1974
300 ## - PHYSICAL DESCRIPTION
Extent 112 p. ;
Dimensions 18 cm.
650 ## - SUBJECT ADDED ENTRY--TOPICAL TERM
Topical term or geographic name as entry element Bible
General subdivision Criticism, Interpretation, etc.
942 ## - ADDED ENTRY ELEMENTS (KOHA)
Source of classification or shelving scheme
Koha item type Books
Copies
Damaged status Withdrawn status Koha item type Not for loan Permanent Location Date acquired Barcode Date last seen Shelving location Source of classification or shelving scheme Copy number Price effective from Full call number Lost status
  Books RHEMA Bible Training College2010-04-1410642010-04-14General Stacks 12010-04-14BS 511.2 .S8